Les Pokémon de la 3ème génération - Hoenn - Statistiques

Statistiques générales
  • Ce quiz a été pris 255 fois
  • Le résultat moyen est 91 sur 135
Statistiques - réponses
Pokémon % Correct
257 Braségali
99%
255 Poussifeu
99%
252 Arcko
96%
258 Gobou
96%
383 Groudon
96%
254 Jungko
96%
382 Kyogre
96%
384 Rayquaza
96%
256 Galifeu
95%
253 Massko
93%
260 Laggron
90%
261 Medhyèna
90%
386 Deoxys
88%
259 Flobio
88%
262 Grahyèna
84%
263 Zigzaton
83%
385 Jirachi
81%
380 Latias
81%
381 Latios
81%
264 Linéon
81%
378 Regice
81%
377 Regirock
81%
379 Registeel
81%
373 Drattak
79%
266 Armulys
78%
265 Chenipotte
78%
282 Gardevoir
78%
281 Kirlia
78%
312 Négapi
78%
311 Posipi
78%
280 Tarsal
78%
371 Draby
77%
277 Hélédelle
77%
376 Métalosse
77%
276 Nirondelle
77%
269 Papinox
77%
374 Terhal
77%
268 Blindalys
76%
323 Camérupt
76%
267 Charmillon
76%
304 Galekid
76%
270 Nénupiot
76%
322 Chamallot
75%
309 Dynavolt
75%
273 Grainipiot
74%
271 Lombre
74%
375 Métang
74%
275 Tengalice
74%
320 Wailmer
74%
321 Wailord
74%
305 Galegon
73%
306 Galeking
73%
272 Ludicolo
73%
274 Pifeuil
73%
319 Sharpedo
73%
310 Élecsprint
72%
297 Hariyama
72%
279 Bekipan
71%
278 Goélise
71%
372 Drackhaus
70%
330 Libégon
70%
296 Makuhita
70%
354 Branette
69%
318 Carvanha
69%
289 Monaflèmit
69%
308 Charmina
68%
324 Chartor
68%
307 Méditikka
68%
350 Milobellus
68%
299 Tarinor
68%
334 Altaria
67%
328 Kraknoix
67%
287 Parécool
67%
329 Vibraninf
67%
349 Barpau
66%
353 Polichombr
66%
356 Téraclope
65%
345 Lilia
64%
369 Relicanth
64%
367 Serpang
64%
355 Skelénox
64%
357 Tropius
64%
288 Vigoroth
64%
293 Chuchmur
63%
302 Ténéfix
63%
333 Tylton
63%
359 Absol
61%
347 Anorith
61%
366 Coquiperl
61%
365 Kaimorse
61%
362 Oniglali
61%
368 Rosabyss
61%
361 Stalgamin
61%
346 Vacilys
61%
294 Ramboum
60%
348 Armaldo
59%
285 Balignon
59%
295 Brouhabam
59%
286 Chapignon
59%
336 Séviper
59%
335 Mangriff
58%
363 Obalie
57%
364 Phogleur
57%
338 Solaroc
57%
303 Mysdibule
56%
337 Séléroc
56%
344 Kaorine
55%
343 Balbuto
54%
331 Cacnea
53%
370 Lovdisc
52%
332 Cacturne
51%
301 Delcatty
51%
315 Rosélia
51%
300 Skitty
51%
327 Spinda
51%
283 Arakdo
50%
351 Morphéo
50%
291 Ninjask
50%
341 Écrapince
49%
342 Colhomard
48%
326 Groret
48%
284 Maskadra
48%
292 Munja
48%
290 Ningale
48%
325 Spoink
48%
317 Avaltout
47%
316 Gloupti
47%
340 Barbicha
44%
339 Barloche
44%
358 Éoko
44%
352 Kecleon
44%
298 Azurill
43%
314 Lumivole
43%
313 Muciole
42%
360 Okéoké
40%
Aucun quiz correspondant
Distribution des résultats
% des personnes avec chaque résultat
Percentile par nombre de réponses
Votre historique - résultats
Vous n’avez pas pris ce quiz